Score 0/10 Timer 03:00
1 Play Today
% Correct
Bookkeeper
94.9%
Aggressiveness
94.6%
Committee
94.6%
Successfully
92.5%
Whippoorwill
91.2%
Stubbornness
89.9%
Heedlessness
88.6%
Cheerlessness
84.7%
Possessiveness
83.8%
Barrenness
81.2%
Remove Ads.
Support Sporcle.
Get the best of Sporcle when you Go Orange. This ad-free experience offers more features, more stats, and more fun while also helping to support Sporcle. Thank you for becoming a member.

You're not logged in!

Compare scores with friends on all Sporcle quizzes.
OR
Log In

Sporcle TV

Today on Sporcle TV


Watch our educational content, quiz creation guides, and fun videos on Sporcle TV.

Show Comments

Extras

Top Quizzes Today


Score Distribution

Paid Content

Your Account Isn't Verified!

In order to create a playlist on Sporcle, you need to verify the email address you used during registration. Go to your Sporcle Settings to finish the process.

Report this User

Report this user for behavior that violates our Community Guidelines.

Details: